000 00938nam a2200277 i 4500
001 110665
003 ES-MaACL
005 20240503104452.0
007 t|
008 070116s1958 sp ||||1| spa d
245 0 0 _aAlemania /
_cDoré Ogrizek; prólogo de Jean Cocteau; textos de Ludwig Benninghoff...[et al.]; coordinado por Brigitte Lohmeyer; ilustraciones de Beuville...[et al.].
250 _a1ª ed.
260 _aMadrid :
_bCastilla,
_c1958.
300 _a463 p. :
_bil. col. y n., map. ;
_c18 cm.
490 1 _aEl mundo en color ;
_v15
504 _aIndice.
651 4 _aAlemania-
_xDescripción.
_97657
700 1 _aOgrizek, Doré.
_986581
700 1 _aCocteau, Jean,
_d1889-1963
_939410
700 1 _aBenninghoff, Ludwig.
_927742
700 1 _aLohmeyer, Brigitte.
_973135
700 1 _aBeuville.
_9185630
830 0 _aEl mundo en color ;
_v15
_9185631
852 _aES-MaACL
_jE-3766
999 _c110665
_d110665